Culture Générale - Série 1746 - Statistiques

Statistiques générales
  • Ce quiz a été pris 157 fois
  • Le résultat moyen est 4 sur 10
Statistiques - réponses
Question Réponse % Correct
Quel fleuve coule sous le pont Mirabeau d'Apollinaire ? Seine
91%
Quelle est la monnaie du Chili ? peso
70%
Quel est le nom poétique de l'Irlande ? Erin
45%
Comme se nomme la muse de la poésie lyrique ? Erato
41%
De quel pays Mgr Makarios fut-il le Président de 1960 à 1977 ? Chypre
36%
Comment nomme-t-on une bouteille d'une capacité de 3 litres ? jeroboam
34%
Petit canal par lequel un marais salant communique avec la mer étier
32%
Tête de rocher voisine des côtes et dangereuse pour la navigation étoc
18%
Dans le film "Les enfants du marais" de Jean Becker, qui interprète Hyacinthe Richard ? Michel Serrault
9%
Quelle est la capitale du land allemand Thuringe ? Erfurt
7%
Aucun quiz correspondant
Distribution des résultats
% des personnes avec chaque résultat
Percentile par nombre de réponses
Votre historique - résultats
Vous n’avez pas pris ce quiz